000 01090 a2200217 4500
001 39254
005 20260407155651.0
008 260407a1987 arg spa d
003 AR-UNSa-BCEJYS
040 _aAR-UNSa-BCEJYS
_bspa
_cAR-UNSa-BCEJYS
080 _a35
_xAdministración Pública
245 1 0 _aCómo administrar un país
_pvocación y motivación
020 _a950-14-0381-5
264 1 _aBuenos Aires :
_bEdiciones Depalma
_c1987
300 _axi, 585 p.
_c23 cm.
505 _a1. Naturaleza del problema - 2. El ejercicio de la función pública - 3. Criterios para la acción del administrador público - 4. La ciencia de la administración del Estado - 5. La formación del administrador público - 6. Contribución de la geoadministración - 7. Los espacios geoadministrativos. Aplicaciones de propósito didáctico y de programación político-administrativa - 8. Una disciplina contribuyente al objeto de la ciencia de la administración del Estado
041 _aspa
942 _cBK
590 _aniveau_biblio:m niveau_hierar:0
100 1 _aRodríguez Arias, Julio C.
999 _c2994
_d2994